A nemzet - antropológiai vetületben. Lehetséges modellek
Elmentve itt :
| Szerző: | |
|---|---|
| Adatforrás: | Meister |
| Forrásdokumentuma: | A Hét. - 33 sz., 1991, 3 p. |
| Nyelv: | magyar |
| Kulcsszavak: | antropológia kultúra nemzeti kultúra nemzeti identitás LÖFGREN Orvar |
| LEADER | 00489nab a2200169 i 4500 | ||
|---|---|---|---|
| 001 | bibPRO00005087 | ||
| 008 | 060524s1991 xx hun | ||
| 040 | |a Sz1 | ||
| 041 | |a hun | ||
| 100 | 1 | |a MAGYARI Nándor László | |
| 245 | 1 | 2 | |a A nemzet - antropológiai vetületben. Lehetséges modellek |c MAGYARI Nándor László |
| 695 | |a antropológia | ||
| 695 | |a kultúra | ||
| 695 | |a nemzeti kultúra | ||
| 695 | |a nemzeti identitás | ||
| 695 | |a LÖFGREN Orvar | ||
| 773 | 0 | |t A Hét. - |g 33 sz., 1991, 3 p. | |